All supernatural Creatures - Quiz - Statistics

General Stats
  • This quiz has been taken 5 times
    4 since last reset
  • The average score is 10 of 87
Answer Stats
Answer % Correct
Angel
100%
Wendigo
100%
Ghost
75%
Shapeshifter
75%
Archangel
50%
GOD
50%
God
50%
Hellhound
50%
Jefferson Starship
50%
Skinwalker
50%
Vampire
50%
Witch
50%
Zombie
50%
Banshee
25%
Fairie
25%
Ghoul
25%
Leviathan
25%
Trickster
25%
Werewolf
25%
Acheri
0%
Akrida
0%
Alpha Ghoul
0%
Alpha Shapeshifter
0%
Alpha Vampire
0%
Alpha Werewolf
0%
Amazon
0%
Antichrist
0%
Arachne
0%
Aswang
0%
Baku
0%
Bisaan
0%
Black Dog
0%
Black Eyed Demon
0%
Borderwalker
0%
Bori Baba
0%
Buruburu
0%
Changeling
0%
Cherubim
0%
Chimera
0%
Chupacabra
0%
Crocotta
0%
Crossroad Demon
0%
Daeva
0%
Darkness
0%
Death Echoe
0%
Demigod
0%
Djinn
0%
Dragon
0%
Dreamwalker
0%
Fallen Angel
0%
Familiar
0%
Flying Monkey
0%
Golem
0%
Grigori
0%
Kitsune
0%
Knights of Hell
0%
Lamia
0%
Leprechaun
0%
Nephilim
0%
Okami
0%
Phoenixe
0%
Pishtaco
0%
Poltergeist
0%
Princes of Hell
0%
Purgatory Soul
0%
Qareen
0%
Rakshasa
0%
Rawhead
0%
Reaper
0%
Revenant
0%
Rit Zien
0%
Sámca
0%
Samhain
0%
Scarecrow
0%
Seraphim
0%
Seven Deadly Sins Demons
0%
Shedim
0%
Specter
0%
Sylph
0%
Tempter Demon
0%
Tuatha de Danann
0%
Tulpa
0%
Vanir
0%
Vengeful Spirit
0%
White Eyed Demon
0%
Whore of Babylon
0%
Wood Nymph
0%
No matching quizzes found
Score Distribution
Percent of People with Each Score
Percentile by Number Answered
Your Score History
You have not taken this quiz since the last reset